Catálogo - Centro de Recursos para el Aprendizaje y la Investigación

Volver al Sitio - CRAI Biblioteca

What makes a good teacher? : children speak their minds = Qu´ est-ce qu´ un bon maiter? : les enfants ouvrent leur caeur = ¿Cómo debe ser un buen maestro? : los niños opinan (Registro nro. 113938)

Detalles MARC
000 -CABECERA
campo de control de longitud fija 00903nam a22002177a 4500
001 - NÚMERO DE CONTROL
campo de control 113938
003 - IDENTIFICADOR DEL NÚMERO DE CONTROL
campo de control DR-UNIBE
005 - FECHA Y HORA DE LA ÚLTIMA TRANSACCIÓN
campo de control 20250813114152.0
008 - DATOS DE LONGITUD FIJA--INFORMACIÓN GENERAL
campo de control de longitud fija 250724b1953 fr ||||| |||| 00| 0 mul d
040 ## - FUENTE DE LA CATALOGACIÓN
Centro catalogador/agencia de origen BIBLIOTECA UNIBE
Lengua de catalogación spa
Centro/agencia transcriptor BIBLIOTECA UNIBE
041 ## - CÓDIGO DE LENGUA
Código de lengua del texto/banda sonora o título independiente spa
082 ## - NÚMERO DE LA CLASIFICACIÓN DECIMAL DEWEY
Número de clasificación F 5707
110 2# - ENTRADA PRINCIPAL--NOMBRE DE ENTIDAD CORPORATIVA
Nombre de entidad corporativa o nombre de jurisdicción como elemento de entrada Organización de las Naciones Unidas para la Educación, la Ciencia y la Cultura (UNESCO)
9 (RLIN) 45154
245 10 - MENCIÓN DE TÍTULO
Título What makes a good teacher? : children speak their minds = Qu´ est-ce qu´ un bon maiter? : les enfants ouvrent leur caeur = ¿Cómo debe ser un buen maestro? : los niños opinan
260 ## - PUBLICACIÓN, DISTRIBUCIÓN, ETC.
Lugar de publicación, distribución, etc. Paris :
Nombre del editor, distribuidor, etc. Organización de las Naciones Unidas para la Educación, la Ciencia y la Cultura (UNESCO),
Fecha de publicación, distribución, etc. 1953
300 ## - DESCRIPCIÓN FÍSICA
Extensión Paginación varias
650 #7 - PUNTO DE ACCESO ADICIONAL DE MATERIA--TÉRMINO DE MATERIA
Fuente del encabezamiento o término lemb
Término de materia o nombre geográfico como elemento de entrada Escuelas elementales
9 (RLIN) 198373
650 #7 - PUNTO DE ACCESO ADICIONAL DE MATERIA--TÉRMINO DE MATERIA
Fuente del encabezamiento o término lemb
Término de materia o nombre geográfico como elemento de entrada Maestros
653 00 - TÉRMINO DE INDIZACIÓN--NO CONTROLADO
Término no controlado Maestros de escuelas elementales
942 ## - ELEMENTOS DE PUNTO DE ACCESO ADICIONAL (KOHA)
Fuente del sistema de clasificación o colocación Sistema de Clasificación Decimal Dewey
Tipo de ítem Koha Folleto
Existencias
Estado de retiro Estado de pérdida Fuente del sistema de clasificación o colocación Estado dañado No para préstamo Código de colección Localización permanente Fecha de adquisición Total de préstamos Signatura topográfica completa Código de barras Fecha visto por última vez Número de copia Precio válido a partir de Tipo de ítem Koha
  Disponible Sistema de Clasificación Decimal Dewey     Folletos Biblioteca Central UNIBE 13/08/2025   F 5707 F250128 13/08/2025 Ej. 1 13/08/2025 Folleto